Statistics for Crazy pieces family

Click here to take the quiz!

General Stats

  • This quiz has been taken 432 times
  • The average score is 12 of 14

Answer Stats

HintAnswer% Correct
FatherAaron
92%
MotherCrystal
92%
Biological sonMax
91%
Adopted sonAlex
89%
Adopted daughterHannah
89%
Adopted in heartJamie
87%
Adopted daughterAriana
86%
Biological daughterHalie
86%
Youngest biological sonLogan
86%
Adopted daughterAurora
85%
Adopted sonBrody
83%
Adopted in heartMelinda
83%
Adopted sonJake
78%
Granddaughter in heartScarlett
73%

Score Distribution

Percentile by Number Answered

Percent of People with Each Score

Your Score History

You have not taken this quiz